000 01274cam a2200193 4500
001 ##L132870
008 060315n2006 000 0 eng u
035 _a(Sirsi) u132870
041 0 _aeng
050 0 4 _a 711.52 $2 18
110 1 _aUnited Kingdom
_bNational Audit Office
_91350
245 0 0 _aOffice of the Deputy Prime Minister
_benhancing urban green space
260 _aLondon
_bTSO
_c2006
520 _aThis report covers the improvement in the quality of urban green space, which includes urban squares, parks, green corridors and nature reserves, its financial management and its planning. Confirms that the decline in urban green space quality in England has been halted in most areas with signs of recovery evident in many places. ODPM-led initiatives have helped to reverse the decline in green space quality in many urban neighbourhoods. Greater priority for green space investment and new funding from government and the national lottery have enabled local authorities, public bodies and over 4 000 communities to refurbish and renew green spaces.
590 _aIKA280306
690 _aPROPERTY-PROPERTY MANAGEMENT-REGENERATION
856 4 0 _uhttps://www.nao.org.uk/pn/05-06/0506935.htm
_zView the report free of charge at www.nao.org.uk...
942 _n0
999 _c105265
_d105265